000 00280nam a2200097Ia 4500
005 20251222114342.0
008 251222s1900||||xx |||||||||||||| ||spa||
082 _aDVD0040/W42/2003
245 0 _aCapitán de mar y guerra: la costa más lejana del mundo:Master and commander
942 _cDVD
999 _c883
_d883